MARC

LEADER 00000nab a2200000 a 4500
001 vtls010271726
003 SK-MaSNL
005 20260303092920.0
008 110415c2011 xo wr 0 0slo
038 |a SLLK 
040 |a SLLK  |b slo  |c sllk  |e AACR2 
041 |a slo 
044 |a xo  |c SK 
080 |a 745.9  |2 2001 
080 |a 06.064  |2 2001 
245 0 0 |a Nechýba im cit pre estetiku  |c [autor] (M.S.) 
610 2 7 |a Stredná odborná škola, Jarmočná ul. (Stará Ľubovňa, Slovensko)  |2 sllk  |9 1038776 
610 2 7 |a Gymnázium sv. Mikuláša (Stará Ľubovňa, Slovensko)  |2 sllk  |9 1034568 
610 2 7 |a Gymnázium Terézie Vansovej (Stará Ľubovňa, Slovensko)  |2 sllk  |9 848647 
611 2 7 |a ABC stavebníctva - Záhrada  |n (19. :  |d 2011 :  |c Prešov, Slovensko)  |2 sllk  |9 1103280 
648 7 |a 2011  |2 snkbucl  |9 328311 
650 0 7 |a aranžovanie kvetov  |2 sllk  |9 3093 
650 0 7 |a výstavy  |2 sllk  |9 2780 
651 7 |a Stará Ľubovňa (Slovensko)  |2 sllk  |9 19193 
651 7 |a Prešov (Slovensko)  |2 sllk  |9 17347 
773 0 |t Ľubovnianske noviny  |g Roč. XXXVII, č. 12 (2011), s. 4 
999 |c 1813639  |d 1815569